000
00323 a2200157 4500
001
170564
020
_a
040
_c
Magnum
100
_a
Lins, Guto
240
1
0
_a
Pra enxergar apertadinho
_l
por
245
1
0
_a
Pra enxergar apertadinho
362
0
_a
1899
440
1
_a
Salamandra
697
_a
IJ/GERAL
942
_c
BK
999
_c
170564
_d
170564